LEADER 01292nam2-2200397---450- 001 990003380400203316 005 20100318112334.0 010 $a978-88-13-30215-3 035 $a000338040 035 $aUSA01000338040 035 $a(ALEPH)000338040USA01 035 $a000338040 100 $a20100318d2009----km-y0itay50------ba 101 $aita 102 $aIT 105 $a||||||||001yy 200 1 $aCausa e tipo del contratto di lavoro artistico$fDaniele Corvi 210 $aPadova$cCedam$d2009 215 $aXI, 152 p.$d24 cm 225 2 $a<> monografie di contratto e impresa$v122 410 0$1001000317032$12001$a<> monografie di contratto e impresa$v, 122 606 0 $aContratti di lavoro 676 $a344.4501542 700 1$aCORVI,$bDaniele$0607238 801 0$aIT$bsalbc$gISBD 912 $a990003380400203316 951 $aXXV.1. Coll. 7/ 62$b66594 G.$cXXV.1.Coll. 7/$d00168452 959 $aBK 969 $aGIU 979 $aFIORELLA$b90$c20100318$lUSA01$h1116 979 $aFIORELLA$b90$c20100318$lUSA01$h1117 979 $aFIORELLA$b90$c20100318$lUSA01$h1117 979 $aFIORELLA$b90$c20100318$lUSA01$h1119 979 $aFIORELLA$b90$c20100318$lUSA01$h1123 996 $aCausa e tipo del contratto di lavoro artistico$91127487 997 $aUNISA LEADER 01091cam--2200361---450- 001 990006079930203316 005 20160801101640.0 010 $a978-88-581-1926-6 035 $a000607993 035 $aUSA01000607993 035 $a(ALEPH)000607993USA01 035 $a000607993 100 $a20150930d2015----km-y0itay50------ba 101 0 $aita 102 $aIT 105 $ay|||||||001yy 200 1 $a<>ipocrisia dell'Occidente$eil Califfo, il terrore e la storia$fFranco Cardini 210 $aRoma$aBari$cLaterza$d2015 215 $aXXVII, 147 p.$d21 cm 225 2 $a<> Robinson$iLetture 410 0$12001$a<> Robinson$iLetture 606 0 $aTerrorismo islamico$2BNCF 676 $a303.6250917671 700 1$aCARDINI,$bFranco$f<1940- >$037956 801 0$aIT$bsalbc$gISBD 912 $a990006079930203316 951 $aX.3.B. 7505$b249241 L.M.$cX.3.$d00346854 959 $aBK 969 $aUMA 979 $aANNAMARIA$b90$c20150930$lUSA01$h1312 979 $aANNAMARIA$b90$c20160801$lUSA01$h1016 996 $aIpocrisia dell'Occidente$91392952 997 $aUNISA